[Event "Berlin-ch Seniors op 39th"]
[Site "Berlin"]
[Date "2023.01.30"]
[Round "7"]
[White "Zaeske, Winfried"]
[Black "Schmidt, Dietrich"]
[Result "0-1"]
[WhiteElo "1985"]
[BlackElo "1878"]
[PlyCount "75"]
[EventDate "2023.01.24"]
[EventType "swiss"]
[EventRounds "9"]
[EventCountry "GER"]
[SourceTitle "CBM 212 Extra"]
[Source "ChessBase"]
[SourceDate "2023.03.31"]
[SourceVersion "1"]
[SourceVersionDate "2023.03.31"]
[SourceQuality "1"]

1. e4 c6 2. d4 d5 3. Nc3 dxe4 4. Nxe4 Nd7 5. Ng5 Ngf6 6. Bc4 e6 7. Qe2 Nb6 8. Bb3 h6 9. N1f3 a5 10. c3 a4 11. Bc2 Qd5 12. Nd2 c5 13. Ngf3 Be7 14. 0-0 0-0 15. Re1 Re8 16. Nf1 Qd6 17. Ng3 Nbd5 18. Ne5 Qc7 19. c4 Nb4 20. Bb1 cxd4 21. Qf3 Bd6 22. Nd3 e5 23. Nh5 Nxh5 24. Qxh5 Qxc4 25. Rd1 Nc2 26. Bxc2 Qxc2 27. Bxh6 Qc7 28. Rac1 Qd7 29. Bg5 Qf5 30. Qh4 f6 31. Bd2 Qxd3 32. Bb4 Qa6 33. Bxd6 Qxd6 34. Rd3 e4 35. Rg3 e3 36. fxe3 dxe3 37. Re1 Qd2 38. Rgxe3 0-1

[Event "Berlin-ch Seniors op 39th"]
[Site "Berlin"]
[Date "2023.01.25"]
[Round "2"]
[White "Desoye, Gernot"]
[Black "Zaeske, Winfried"]
[Result "0-1"]
[WhiteElo "1812"]
[BlackElo "1985"]
[PlyCount "46"]
[EventDate "2023.01.24"]
[EventType "swiss"]
[EventRounds "9"]
[EventCountry "GER"]
[SourceTitle "CBM 212 Extra"]
[Source "ChessBase"]
[SourceDate "2023.03.31"]
[SourceVersion "1"]
[SourceVersionDate "2023.03.31"]
[SourceQuality "1"]

1. d4 Nf6 2. c4 g6 3. f3 Bg7 4. e4 d6 5. Nc3 c6 6. Be3 a6 7. a4 a5 8. Qd2 Na6 9. Nge2 Nb4 10. Nc1 0-0 11. Nd3 e5 12. d5 cxd5 13. cxd5 Nh5 14. Nxb4 axb4 15. Nb5 f5 16. Qxb4 fxe4 17. fxe4 Qh4+ 18. Kd2 Ng3 19. Bd3 Nxh1 20. Rxh1 Bh6 21. Bxh6 Qxh6+ 22. Kc3 Rf2 23. Kb3 Qe3 0-1

[Event "Berlin-ch Seniors op 36th"]
[Site "Berlin"]
[Date "2020.01.28"]
[Round "1.15"]
[White "Bluhm, Guenter"]
[Black "Zaeske, Winfried"]
[Result "0-1"]
[WhiteElo "1749"]
[BlackElo "2045"]
[PlyCount "26"]
[EventDate "2020.01.28"]
[EventType "swiss"]
[EventRounds "9"]
[EventCountry "GER"]
[SourceTitle "EXT 2024"]
[Source "ChessBase"]
[SourceDate "2023.10.10"]
[SourceVersion "1"]
[SourceVersionDate "2023.10.10"]
[SourceQuality "1"]

1. e4 c5 2. Nf3 Nc6 3. d4 cxd4 4. Nxd4 Nf6 5. Nc3 e5 6. Ndb5 d6 7. Nd5 Nxd5 8. exd5 Nb8 9. c4 Be7 10. c5 0-0 11. cxd6 Bxd6 12. Nxd6 Qxd6 13. g3 Qb4+ 0-1

[Event "Berlin-ch Seniors op 35th"]
[Site "Berlin"]
[Date "2019.02.06"]
[Round "8"]
[White "Zaeske, Winfried"]
[Black "Maetzing, Hans Dieter"]
[Result "0-1"]
[WhiteElo "2045"]
[BlackElo "1931"]
[PlyCount "96"]
[EventDate "2019.01.29"]
[EventType "swiss"]
[EventRounds "9"]
[EventCountry "GER"]
[SourceTitle "CBM 189 Extra"]
[Source "ChessBase"]
[SourceDate "2019.06.03"]
[SourceVersion "1"]
[SourceVersionDate "2019.06.03"]
[SourceQuality "1"]

1. e4 d6 2. d4 Nf6 3. Nc3 c6 4. Be3 Qa5 5. Qd2 e5 6. Nf3 Be7 7. h3 Nbd7 8. Be2 b5 9. a3 b4 10. Na2 Nxe4 11. Qxb4 Qxb4+ 12. Nxb4 exd4 13. Bxd4 c5 14. Nd5 cxd4 15. Nc7+ Kd8 16. Nxa8 Bb7 17. Nc7 Kxc7 18. Nxd4 Bf6 19. Nb5+ Kb6 20. a4 a6 21. a5+ Kc6 22. c4 Re8 23. 0-0 Ne5 24. Rfd1 Rd8 25. Rac1 Kc5 26. b4+ Kxb4 27. f4 Ng6 28. c5 dxc5 29. Rc4+ Kxa5 30. Nd6 Rxd6 31. Rb1 Nd2 32. Rxc5+ Ka4 33. Bd1+ Nb3 34. Bxb3+ Kb4 35. Rc4+ Ka5 36. Bc2 Bc6 37. Kh2 Bb5 38. Rc7 Kb6 39. Rxf7 Nxf4 40. Kg3 Nxg2 41. Be4 Ne3 42. Rb7+ Kc5 43. Kf3 Nc4 44. Rc1 h6 45. Rb8 Kd4 46. Ba8 Ne5+ 47. Kg3 Nd3 48. Rd1 Be5+ 0-1

[Event "Berlin-ch Seniors op 35th"]
[Site "Berlin"]
[Date "2019.01.31"]
[Round "3"]
[White "Weber, Joerg"]
[Black "Zaeske, Winfried"]
[Result "0-1"]
[WhiteElo "1924"]
[BlackElo "2045"]
[PlyCount "64"]
[EventDate "2019.01.29"]
[EventType "swiss"]
[EventRounds "9"]
[EventCountry "GER"]
[SourceTitle "CBM 189 Extra"]
[Source "ChessBase"]
[SourceDate "2019.06.03"]
[SourceVersion "1"]
[SourceVersionDate "2019.06.03"]
[SourceQuality "1"]

1. d4 Nf6 2. c4 g6 3. Nc3 Bg7 4. e4 d6 5. Nf3 Nbd7 6. Be2 0-0 7. 0-0 e5 8. d5 Nc5 9. Bg5 h6 10. Bxf6 Bxf6 11. b4 Na6 12. a3 Bg7 13. Ne1 f5 14. f3 Bf6 15. Nd3 Kg7 16. g3 Bd7 17. c5 Qe7 18. cxd6 cxd6 19. Qd2 Bg5 20. f4 exf4 21. Nxf4 fxe4 22. Rae1 e3 23. Qa2 Nc7 24. Bd3 Bxf4 25. gxf4 Rxf4 26. Ne2 Rf2 27. Qa1+ Kg8 28. Rxf2 exf2+ 29. Kxf2 Rf8+ 30. Kg2 Qe3 31. Qd4 Bh3+ 32. Kh1 Qf3+ 0-1

[Event "Berlin-ch Seniors op 35th"]
[Site "Berlin"]
[Date "2019.01.30"]
[Round "2"]
[White "Zaeske, Winfried"]
[Black "Hoffmann, Gerhard"]
[Result "1-0"]
[WhiteElo "2045"]
[BlackElo "1826"]
[PlyCount "85"]
[EventDate "2019.01.29"]
[EventType "swiss"]
[EventRounds "9"]
[EventCountry "GER"]
[SourceTitle "CBM 189 Extra"]
[Source "ChessBase"]
[SourceDate "2019.06.03"]
[SourceVersion "1"]
[SourceVersionDate "2019.06.03"]
[SourceQuality "1"]

1. e4 e6 2. d4 d5 3. Nc3 dxe4 4. Nxe4 Nd7 5. Bd3 Ndf6 6. Qe2 Nxe4 7. Bxe4 Nf6 8. Bxb7 Rb8 9. Bxc8 Qxc8 10. Nf3 Bd6 11. 0-0 0-0 12. c3 c5 13. dxc5 Bxc5 14. Bg5 Nd5 15. c4 Nb6 16. b3 f6 17. Be3 e5 18. Bxc5 Qxc5 19. Rad1 a5 20. Rfe1 a4 21. Nd2 axb3 22. axb3 Rfd8 23. Ne4 Qb4 24. Rxd8+ Rxd8 25. Rd1 Ra8 26. Qd3 Ra3 27. Qd8+ Kf7 28. Nd6+ Kg6 29. Qe8+ Kg5 30. g3 Qxb3 31. h4+ Kg4 32. Qe6+ Kf3 33. Qf5+ Ke2 34. Rc1 Kd2 35. Rb1 Qa4 36. Ne4+ Ke2 37. Rb2+ Ke1 38. Qg4 Qd1 39. Qxd1+ Kxd1 40. Rxb6 Ke2 41. c5 Kf3 42. Rb3+ Rxb3 43. Nd2+ 1-0

[Event "Berlin-ch Seniors op 34th"]
[Site "Berlin"]
[Date "2018.01.30"]
[Round "1"]
[White "Hesselbarth, Karlheinz"]
[Black "Zaeske, Winfried"]
[Result "0-1"]
[WhiteElo "1739"]
[BlackElo "2028"]
[PlyCount "72"]
[EventDate "2018.01.30"]
[EventType "swiss"]
[EventRounds "9"]
[EventCountry "GER"]
[SourceTitle "EXT 2020"]
[Source "ChessBase"]
[SourceDate "2019.10.17"]
[SourceVersion "1"]
[SourceVersionDate "2019.10.17"]
[SourceQuality "1"]

1. d4 Nf6 2. c4 g6 3. Nc3 Bg7 4. e4 d6 5. f3 c6 6. Be3 a6 7. Qd2 b5 8. Rc1 Nbd7 9. Nh3 Rb8 10. g4 c5 11. cxb5 axb5 12. Bxb5 0-0 13. 0-0 Qa5 14. a4 cxd4 15. Bxd4 Ne5 16. Rc2 Qd8 17. Bxe5 dxe5 18. Qxd8 Rxd8 19. Rd1 Be6 20. Rcd2 Rd4 21. Ne2 Rxd2 22. Rxd2 h5 23. Nf2 Bh6 24. Rc2 hxg4 25. Nxg4 Nxg4 26. fxg4 Bxg4 27. Kf2 Kg7 28. b4 Bg5 29. Rc5 e6 30. Rc3 f5 31. exf5 exf5 32. Rc7+ Kh6 33. Rc4 f4 34. Nc3 Bh4+ 35. Kg1 Rd8 36. Ne4 Rd1+ 0-1

[Event "Berlin-ch Seniors op 33rd"]
[Site "Berlin"]
[Date "2017.02.09"]
[Round "9"]
[White "Zaeske, Winfried"]
[Black "Paul, Reinhart"]
[Result "1-0"]
[WhiteElo "1985"]
[BlackElo "2033"]
[PlyCount "31"]
[EventDate "2017.01.31"]
[EventType "swiss"]
[EventRounds "9"]
[EventCountry "GER"]
[SourceTitle "EXT 2019"]
[Source "ChessBase"]
[SourceDate "2018.10.10"]
[SourceVersion "1"]
[SourceVersionDate "2018.10.10"]
[SourceQuality "1"]

1. e4 c5 2. Nf3 Nc6 3. d4 cxd4 4. Nxd4 Nf6 5. Nc3 e5 6. Ndb5 d6 7. Bg5 a6 8. Na3 b5 9. Bxf6 gxf6 10. Nd5 f5 11. c3 fxe4 12. Bxb5 axb5 13. Nxb5 Ra7 14. Nxa7 Nxa7 15. Qa4+ Bd7 16. Qxa7 1-0

[Event "Berlin-ch Seniors op 33rd"]
[Site "Berlin"]
[Date "2017.02.04"]
[Round "5"]
[White "Zaeske, Winfried"]
[Black "Kujawa, Werner"]
[Result "1-0"]
[WhiteElo "1985"]
[BlackElo "1776"]
[PlyCount "103"]
[EventDate "2017.01.31"]
[EventType "swiss"]
[EventRounds "9"]
[EventCountry "GER"]
[SourceTitle "EXT 2019"]
[Source "ChessBase"]
[SourceDate "2018.10.10"]
[SourceVersion "1"]
[SourceVersionDate "2018.10.10"]
[SourceQuality "1"]

1. e4 g6 2. d4 Bg7 3. Nc3 c6 4. Bc4 Nh6 5. Nf3 0-0 6. Bg5 Kh8 7. Qd2 Ng8 8. h4 f6 9. Be3 h5 10. g4 d5 11. exd5 Bxg4 12. Nh2 Bf5 13. dxc6 Nxc6 14. 0-0-0 Qa5 15. d5 Ne5 16. Be2 Rac8 17. Qd4 b5 18. a3 Rc7 19. f4 Rfc8 20. fxe5 fxe5 21. Qb4 Qxb4 22. axb4 Rxc3 23. bxc3 Rxc3 24. Bd3 e4 25. Bd2 Ra3 26. c3 Bxc3 27. Bxc3+ Rxc3+ 28. Kb2 Rxd3 29. Rxd3 exd3 30. Kc3 Nf6 31. Kd4 Be4 32. Ra1 d2 33. Nf1 Bxd5 34. Nxd2 Kg7 35. Rxa7 Kf7 36. Ra5 Bc6 37. Nb1 Ke6 38. Nc3 Kf5 39. Nxb5 Kg4 40. Nc3 Kxh4 41. b5 Bf3 42. Ra7 g5 43. Rxe7 g4 44. Ke5 g3 45. Kxf6 g2 46. Re1 Kg3 47. Ke5 Bb7 48. Ne4+ Kh2 49. Nf6 h4 50. Kf4 Bc8 51. Ng4+ Bxg4 52. Kxg4 1-0

[Event "Berlin Spandau op 2nd"]
[Site "Berlin"]
[Date "2016.12.30"]
[Round "7"]
[White "Zaeske, Winfried"]
[Black "Koop, Soeren"]
[Result "1/2-1/2"]
[WhiteElo "1985"]
[BlackElo "2086"]
[PlyCount "46"]
[EventDate "2016.12.27"]
[EventType "swiss"]
[EventRounds "7"]
[EventCountry "GER"]
[SourceTitle "CBM 176 Extra"]
[Source "ChessBase"]
[SourceDate "2017.03.02"]
[SourceVersion "1"]
[SourceVersionDate "2017.03.02"]
[SourceQuality "1"]

1. e4 e5 2. Nf3 Nc6 3. Bb5 a6 4. Ba4 Nf6 5. 0-0 Nxe4 6. Re1 Nc5 7. Bxc6 dxc6 8. Nxe5 Be6 9. Nc3 Be7 10. Qe2 0-0 11. d3 Re8 12. Bf4 Qd4 13. Qd2 Bd6 14. Bg3 Bd5 15. Nxd5 Qxd5 16. Nf3 Re6 17. Rxe6 Nxe6 18. a3 c5 19. c3 Bxg3 20. hxg3 Rd8 21. Rd1 h6 22. Qe3 b6 23. Rd2 Qa2 1/2-1/2

[Event "Berlin-ch Seniors op 32nd"]
[Site "Berlin"]
[Date "2016.01.27"]
[Round "2"]
[White "Schroeder, Klaus"]
[Black "Zaeske, Winfried"]
[Result "1/2-1/2"]
[WhiteElo "1833"]
[BlackElo "1985"]
[PlyCount "77"]
[EventDate "2016.01.26"]
[EventType "swiss"]
[EventRounds "9"]
[EventCountry "GER"]
[SourceTitle "EXT 2019"]
[Source "ChessBase"]
[SourceDate "2018.10.10"]
[SourceVersion "1"]
[SourceVersionDate "2018.10.10"]
[SourceQuality "1"]

1. d4 Nf6 2. Nf3 g6 3. c4 Bg7 4. Nc3 d6 5. e4 0-0 6. Be2 Nbd7 7. 0-0 e5 8. h3 exd4 9. Nxd4 Re8 10. f3 Nh5 11. Be3 c6 12. Qd2 Ng3 13. Rfd1 Nxe2+ 14. Ndxe2 Ne5 15. b3 Be6 16. Qxd6 Qh4 17. Qd2 h6 18. Qe1 Qe7 19. f4 Nd7 20. e5 f6 21. Qg3 Bf7 22. Rd3 fxe5 23. Rad1 exf4 24. Bxf4 Ne5 25. Rd6 g5 26. Bc1 Bh5 27. Qf2 Nf7 28. Rd7 Qe6 29. g4 Bg6 30. Bb2 Ne5 31. R7d6 Qe7 32. Ng3 Rf8 33. Nf5 Bxf5 34. gxf5 g4 35. Re6 Qg5 36. Ne4 Qxf5 37. Qxf5 Rxf5 38. Bxe5 Rxe5 39. Rxe5 1/2-1/2

[Event "Berlin-ch Seniors op 32nd"]
[Site "Berlin"]
[Date "2016.01.26"]
[Round "1"]
[White "Zaeske, Winfried"]
[Black "Hamel, Jochen"]
[Result "1-0"]
[WhiteElo "1985"]
[BlackElo "1706"]
[PlyCount "41"]
[EventDate "2016.01.26"]
[EventType "swiss"]
[EventRounds "9"]
[EventCountry "GER"]
[SourceTitle "EXT 2019"]
[Source "ChessBase"]
[SourceDate "2018.10.10"]
[SourceVersion "1"]
[SourceVersionDate "2018.10.10"]
[SourceQuality "1"]

1. e4 d6 2. d4 Nf6 3. Nc3 g6 4. Bc4 Bg7 5. h3 c6 6. Nf3 0-0 7. 0-0 b5 8. Bd3 Nbd7 9. a3 Nb6 10. Re1 a6 11. Bg5 h6 12. Bh4 Be6 13. e5 Ne8 14. exd6 Nxd6 15. Bxg6 Qd7 16. Bd3 Rae8 17. Ne5 Bxe5 18. Rxe5 Nf5 19. Qh5 Qxd4 20. Bg3 Nxg3 21. Rg5+ 1-0

[Event "Berlin-ch Seniors op 31st"]
[Site "Berlin"]
[Date "2015.02.06"]
[Round "8"]
[White "Hahlbohm, Matthias"]
[Black "Zaeske, Winfried"]
[Result "1/2-1/2"]
[WhiteElo "1955"]
[BlackElo "1902"]
[PlyCount "42"]
[EventDate "2015.01.29"]
[EventType "swiss"]
[EventRounds "9"]
[EventCountry "GER"]
[SourceTitle "EXT 2018"]
[Source "ChessBase"]
[SourceDate "2017.10.13"]
[SourceVersion "1"]
[SourceVersionDate "2017.10.13"]
[SourceQuality "1"]

1. e4 c5 2. Nf3 Nc6 3. d4 cxd4 4. Nxd4 Nf6 5. Nc3 e5 6. Ndb5 d6 7. a4 a6 8. Na3 Be6 9. Bc4 Rc8 10. Bd5 Be7 11. 0-0 0-0 12. Be3 Ng4 13. Bc1 Nf6 14. h3 Bxd5 15. exd5 Nd4 16. Be3 Nf5 17. Bc1 Rc5 18. Rb1 Qc8 19. Re1 Re8 20. Ne4 Rc7 21. g4 Nh4 1/2-1/2

[Event "Berlin-ch Seniors op 31st"]
[Site "Berlin"]
[Date "2015.02.04"]
[Round "6"]
[White "Gruner, Klaus Dieter"]
[Black "Zaeske, Winfried"]
[Result "0-1"]
[WhiteElo "1750"]
[BlackElo "1902"]
[PlyCount "62"]
[EventDate "2015.01.29"]
[EventType "swiss"]
[EventRounds "9"]
[EventCountry "GER"]
[SourceTitle "EXT 2018"]
[Source "ChessBase"]
[SourceDate "2017.10.13"]
[SourceVersion "1"]
[SourceVersionDate "2017.10.13"]
[SourceQuality "1"]

1. e4 c5 2. Nf3 Nc6 3. d4 cxd4 4. Nxd4 Nf6 5. Nc3 e5 6. Nf3 Bb4 7. Bd3 d5 8. exd5 Nxd5 9. Bd2 Nxc3 10. bxc3 Be7 11. 0-0 0-0 12. Re1 Qc7 13. Ng5 Bxg5 14. Qh5 h6 15. Bxg5 f5 16. Bc4+ Kh7 17. Rad1 Bd7 18. Bc1 Be8 19. Qh4 Bg6 20. Ba3 Rf6 21. Bb3 e4 22. Bc1 f4 23. Qg4 Qa5 24. Rd7 Ne5 25. Rd5 Qxd5 26. Qxg6+ Nxg6 27. Bxd5 Rb8 28. Rxe4 Rd6 29. c4 b5 30. Re6 Rxe6 31. Bxe6 Re8 0-1

[Event "Berlin-ch Seniors op 31st"]
[Site "Berlin"]
[Date "2015.02.03"]
[Round "5"]
[White "Zaeske, Winfried"]
[Black "Smits, Oswald"]
[Result "1-0"]
[WhiteElo "1902"]
[BlackElo "1664"]
[PlyCount "97"]
[EventDate "2015.01.29"]
[EventType "swiss"]
[EventRounds "9"]
[EventCountry "GER"]
[SourceTitle "EXT 2018"]
[Source "ChessBase"]
[SourceDate "2017.10.13"]
[SourceVersion "1"]
[SourceVersionDate "2017.10.13"]
[SourceQuality "1"]

1. e4 e5 2. Nf3 Nc6 3. Bb5 a6 4. Ba4 Nf6 5. 0-0 b5 6. Bb3 Be7 7. Re1 d6 8. c3 0-0 9. h3 Bb7 10. d4 h6 11. Nbd2 Rc8 12. Nf1 Nh7 13. Ng3 Ng5 14. Nf5 Nxf3+ 15. Qxf3 Bg5 16. Qg4 Qf6 17. Be3 Rce8 18. h4 Bxe3 19. fxe3 Kh7 20. Rf1 Qg6 21. Qh3 Qf6 22. Ng3 Bc8 23. Qh2 Qe7 24. d5 Na5 25. Rf2 Bd7 26. Raf1 f6 27. Bd1 Nc4 28. Re1 Rc8 29. b3 Nb6 30. h5 Rf7 31. Ref1 Rcf8 32. Nf5 Bxf5 33. Rxf5 Nd7 34. Bg4 Nc5 35. R5f3 Qd8 36. Bf5+ Kh8 37. Qg3 g5 38. hxg6 Re7 39. Qh4 Kg7 40. Rh3 Rh8 41. Be6 Qf8 42. Rhf3 Nxe6 43. Rxf6 Qe8 44. dxe6 Rxe6 45. Rf7+ Kg8 46. g7 Rh7 47. Rf8+ Kxg7 48. Rxe8 Rxe8 49. Qf6+ 1-0

[Event "Berlin-ch Seniors op 31st"]
[Site "Berlin"]
[Date "2015.02.02"]
[Round "4"]
[White "Rehder, Frank"]
[Black "Zaeske, Winfried"]
[Result "1/2-1/2"]
[WhiteElo "1755"]
[BlackElo "1902"]
[PlyCount "38"]
[EventDate "2015.01.29"]
[EventType "swiss"]
[EventRounds "9"]
[EventCountry "GER"]
[SourceTitle "EXT 2018"]
[Source "ChessBase"]
[SourceDate "2017.10.13"]
[SourceVersion "1"]
[SourceVersionDate "2017.10.13"]
[SourceQuality "1"]

1. d4 Nf6 2. Nf3 g6 3. b3 Bg7 4. Bb2 0-0 5. e3 c5 6. Be2 d5 7. 0-0 b6 8. Nbd2 Nc6 9. c4 cxd4 10. Nxd4 Nxd4 11. Bxd4 Bb7 12. Bf3 Re8 13. cxd5 Bxd5 14. Bxd5 Qxd5 15. Qf3 Qb5 16. Nc4 Rad8 17. Rfd1 Nd5 18. Bxg7 Kxg7 19. h3 Kg8 1/2-1/2

[Event "Berlin-ch Seniors op 31st"]
[Site "Berlin"]
[Date "2015.01.31"]
[Round "3"]
[White "Zaeske, Winfried"]
[Black "Hesselbarth, Karlheinz"]
[Result "1-0"]
[WhiteElo "1902"]
[BlackElo "1599"]
[PlyCount "67"]
[EventDate "2015.01.29"]
[EventType "swiss"]
[EventRounds "9"]
[EventCountry "GER"]
[SourceTitle "EXT 2018"]
[Source "ChessBase"]
[SourceDate "2017.10.13"]
[SourceVersion "1"]
[SourceVersionDate "2017.10.13"]
[SourceQuality "1"]

1. e4 e5 2. Nf3 Nc6 3. Bb5 a6 4. Ba4 d6 5. 0-0 Bd7 6. c3 Nge7 7. d4 Ng6 8. Bb3 Be7 9. Re1 0-0 10. Nbd2 Na5 11. Bc2 b5 12. Nf1 c5 13. Ng3 Nb7 14. Nf5 Qc7 15. Be3 Rfe8 16. Rc1 Rad8 17. Bg5 Bxg5 18. Nxg5 h6 19. Nh3 Bxf5 20. exf5 Nf4 21. Nxf4 exf4 22. Qg4 d5 23. f6 g6 24. Qh4 Kh7 25. Re7 Rxe7 26. fxe7 Re8 27. Re1 Nd6 28. Qf6 Kg8 29. Bxg6 fxg6 30. Qxg6+ Kh8 31. Qxh6+ Kg8 32. Qg6+ Kh8 33. Qf6+ Kg8 34. Re5 1-0

[Event "Berlin Eckbauer op 13th"]
[Site "Berlin"]
[Date "2010.09.13"]
[Round "1.13"]
[White "Zaeske, Winfried"]
[Black "Prix, Siegfried"]
[Result "1-0"]
[WhiteElo "1929"]
[BlackElo "1781"]
[PlyCount "69"]
[EventDate "2010.09.13"]
[EventType "swiss"]
[EventRounds "7"]
[EventCountry "GER"]
[SourceTitle "EXT 2022"]
[Source "ChessBase"]
[SourceDate "2021.10.06"]
[SourceVersion "1"]
[SourceVersionDate "2021.10.06"]
[SourceQuality "1"]

1. e4 Nf6 2. e5 Nd5 3. c4 Nb6 4. c5 Nd5 5. Nc3 Nxc3 6. dxc3 Nc6 7. Bf4 e6 8. Qg4 Ne7 9. Bg5 h6 10. Bd2 Ng6 11. Nf3 Bxc5 12. Bd3 Qe7 13. h4 Qf8 14. h5 Ne7 15. Qa4 Nc6 16. b4 Bb6 17. Rh4 a6 18. c4 Qe7 19. Rg4 Qf8 20. Rc1 Ne7 21. Rf4 c6 22. Qc2 Bc7 23. Bc3 b5 24. Nh4 bxc4 25. Bg6 Kd8 26. Rxf7 Qg8 27. Rf3 d5 28. exd6 Bxd6 29. Rd1 Kc7 30. Rf7 Bd7 31. Rxg7 Qb8 32. Rxd6 Kxd6 33. Qe4 Nxg6 34. Nxg6 Qb5 35. Be5+ 1-0

[Event "Berlin op 09"]
[Site "Berlin"]
[Date "2004.09.27"]
[Round "4"]
[White "Zaeske, Winfried"]
[Black "Wehr, Joachim"]
[Result "0-1"]
[WhiteElo "2011"]
[BlackElo "1655"]
[PlyCount "36"]
[EventDate "2004.09.06"]
[EventType "swiss"]
[EventRounds "7"]
[EventCountry "GER"]
[SourceTitle "EXT 2007"]
[Source "ChessBase"]
[SourceDate "2006.11.23"]
[SourceVersion "1"]
[SourceVersionDate "2006.11.23"]
[SourceQuality "1"]

1. e4 g6 2. d4 Bg7 3. Nc3 d6 4. Be2 Nd7 5. f4 e5 6. Be3 c6 7. Nf3 Qc7 8. 0-0 Ngf6 9. fxe5 dxe5 10. dxe5 Ng4 11. Bc5 Nxc5 12. Ng5 Nxe5 13. b4 Ne6 14. Nh3 0-0 15. Qe1 Nd4 16. Qh4 Nxe2+ 17. Nxe2 Ng4 18. Rab1 Qxh2# 0-1

[Event "Berlin Eckbauer op 5th"]
[Site "Berlin"]
[Date "2002.11.11"]
[Round "6"]
[White "Zaeske, Winfried"]
[Black "Semme, Lothar"]
[Result "1-0"]
[WhiteElo "1970"]
[BlackElo "1558"]
[PlyCount "73"]
[EventDate "2002.10.??"]
[EventType "swiss"]
[EventRounds "7"]
[EventCountry "GER"]
[SourceTitle "EXT 2005"]
[Source "ChessBase"]
[SourceDate "2004.11.15"]
[SourceVersion "1"]
[SourceVersionDate "2004.11.15"]
[SourceQuality "1"]

1. e4 g6 2. d4 Bg7 3. Be3 d6 4. Be2 Nf6 5. Nc3 0-0 6. h4 e5 7. d5 c6 8. h5 cxd5 9. exd5 Qa5 10. hxg6 fxg6 11. Qd2 Na6 12. 0-0-0 Nc5 13. f3 e4 14. Kb1 Bf5 15. Bh6 Bh8 16. g4 Bd7 17. Nxe4 Qxd2 18. Nxd2 Rfe8 19. Nc4 Bb5 20. Rh2 Bxc4 21. Bxc4 Nfd7 22. Bb5 a6 23. Bxd7 Nxd7 24. Nh3 Ne5 25. Ng5 Rac8 26. Rdh1 Re7 27. Rh3 Nc4 28. Ne4 Bxb2 29. Bg5 Rf7 30. c3 Bxc3 31. Nxc3 Ne5 32. Ne4 Rxf3 33. Nf6+ Kf8 34. Rxh7 Nf7 35. Rxf7+ Kxf7 36. Rh7+ Kf8 37. Bh6# 1-0

[Event "Berlin tt 0001"]
[Site "Berlin"]
[Date "2001.01.21"]
[Round "5.8"]
[White "Zaeske, Winfried"]
[Black "Von Loehneysen, Leonard"]
[Result "0-1"]
[WhiteElo "2069"]
[BlackElo "1940"]
[PlyCount "154"]
[EventDate "2000.10.22"]
[EventType "team"]
[EventRounds "11"]
[EventCountry "GER"]
[SourceTitle "EXT 2007"]
[Source "ChessBase"]
[SourceDate "2006.11.23"]
[SourceVersion "1"]
[SourceVersionDate "2006.11.23"]
[SourceQuality "1"]

1. e4 c6 2. d4 d5 3. e5 Bf5 4. Nf3 e6 5. Be2 c5 6. c4 Nc6 7. Nc3 dxc4 8. Be3 cxd4 9. Nxd4 Nxd4 10. Bxd4 Ne7 11. Bxc4 Nc6 12. Bb5 a6 13. Bxc6+ bxc6 14. Qa4 Qc8 15. 0-0 Rb8 16. Ne2 Rb4 17. Qd1 Be7 18. Bc3 Rb6 19. Nd4 Be4 20. Re1 Bd5 21. Qg4 g6 22. a3 c5 23. Ne2 h5 24. Qf4 h4 25. h3 Qb7 26. f3 Rh5 27. Qe3 Rg5 28. Nf4 Bxf3 29. Qf2 Rg3 30. Re3 Bg5 31. Rxf3 Qxf3 32. Qxf3 Rxf3 33. gxf3 Bxf4 34. Rd1 Ke7 35. b4 cxb4 36. Bxb4+ Ke8 37. Re1 Rb5 38. Bd6 Rb3 39. Kg2 Rb2+ 40. Kg1 Rb3 41. Kg2 Rb2+ 42. Kg1 g5 43. Re4 Rb5 44. Ra4 Bxe5 45. Bxe5 Rxe5 46. Rxa6 Re1+ 47. Kf2 Ra1 48. a4 Ke7 49. Ra7+ Kf6 50. a5 Ke5 51. a6 f6 52. Ra8 Ra3 53. a7 f5 54. Rg8 Rxa7 55. Rxg5 Kf4 56. Rh5 Ra2+ 57. Ke1 Ke3 58. Kd1 Kxf3 59. Rxh4 Kg3 60. Rh6 e5 61. Rh5 Kf4 62. Rh4+ Ke3 63. Rh5 Kf4 64. Rh4+ Kg3 65. Rh5 f4 66. Rxe5 f3 67. Re8 f2 68. Rg8+ Kxh3 69. Rh8+ Kg2 70. Rg8+ Kf1 71. Rg3 Ra1+ 72. Kd2 Re1 73. Rg4 Re8 74. Rg7 Rd8+ 75. Kc2 Rd4 76. Rg8 Ke2 77. Re8+ Kf3 0-1